Missing Word: TV FA - FZ Quiz Stats

 Plays Quiz Updated Nov 1, 2018

Score 0/22 Timer 04:00
0 Plays Today
TV Show Answer % Correct
Father Knows ___ (B)Best
99.3%
Full ___ (H)House
97.4%
Four of a ___ (K)Kind
97.3%
Fantasy ___ (I)Island
92%
Family ___ (G)Guy
91.9%
Friday Night ___(L)Lights
90.5%
Fraggle ___ (R)Rock
89.6%
Family ___ (F)Feud
86.8%
Fawlty ___ (T)Towers
86.4%
(The) Flying ___ (N)Nun
85.4%
Falcon ___ (C)Crest
84.3%
TV Show Answer % Correct
Fabian of Scotland ___ (Y)Yard
84%
Family ___ (M)Matters
83.3%
Family ___ (A)Affair
81%
Fired ___ (U)Up
79.8%
(The) Farmer's ___ (D)Daughter
77.1%
(The) F ___ (W)Word
75.7%
(The) Fairly ___ (O)OddParents
65.8%
(The) Famous Teddy ___ (Z)Z
58%
(The) Fantastic ___ (V)Voyage
49.8%
(The) Fantastic ___ (J)Journey
45.4%
Fireman ___ (S)Sam
37.9%

Today's Daily Dose

You're not logged in!

Compare scores with friends on all Sporcle quizzes.
OR
Log In

Sporcle TV

Today on Sporcle TV


Watch our educational content, quiz creation guides, and fun videos on Sporcle TV.

Show Comments

Extras

Top Quizzes Today


Score Distribution

Your Account Isn't Verified!

In order to create a playlist on Sporcle, you need to verify the email address you used during registration. Go to your Sporcle Settings to finish the process.

Report this User

Report this user for behavior that violates our Community Guidelines.

Details: